Największe aglomeracje w Chinach - Statystyki

Ogólne statystyki
  • Ten quiz został rozwiązany 154 razy
  • Średni wynik to 7 z 20
Statystyki odpowiedzi
Miejsce Mieszkańcy Nazwa % Poprawnych
3. 19 800 000 Aglomeracja Pekińska
100%
2. 33 600 000 Aglomeracja Szanghajska
90%
12. 7 500 000 Aglomeracja Hongkońska
69%
1. 46 700 000 Aglomeracja Kantońska
69%
7. 9 050 000 Aglomeracja Wǔhàńska
67%
13. 6 950 000 Aglomeracja Xī'ān
45%
6. 9 600 000 Aglomeracja Chéngdū
37%
4. 12 700 000 Aglomeracja Tiencińska
32%
14. 6 600 000 Aglomeracja Nankińska
31%
9. 8 150 000 Aglomeracja Chóngqìng
29%
17. 5 100 000 Aglomeracja Harbińska
28%
15. 6 100 000 Aglomeracja Qīngdǎo
22%
5. 10 000 000 Aglomeracja Xiàmén
21%
8. 8 450 000 Aglomeracja Hángzhōu
16%
19 4 950 000 Aglomeracja Zhèngzhōu
15%
20. 4 925 000 Aglomeracja Chángshā
13%
10. 8 000 000 Aglomeracja Shěnyáng
13%
16. 5 350 000 Aglomeracja Wēnzhōu
11%
18. 4 950 000 Aglomeracja Héféi
8%
11. 7 650 000 Aglomeracja Shàntóu
7%
Nie znaleziono quizów pasujących do podanych kryteriów
Rozkład punktacji
Procent ludzi z każdym wynikiem
Percentyl według liczby udzielonych odpowiedzi
Twoja historia wyników
Nie rozwiązałeś tego quizu